Compensación automática de energía reactiva en el circuito de Matadero Nuevo CARNIC S.A.

Los sistemas de compensación de potencia reactiva tienen la finalidad de aportar energía reactiva para que el conjunto de la instalación presente un factor de potencia deseado, en general la unidad o cercano a la unidad. Obteniendo con ello una bonificación en la factura de consumo eléctrico y...

Full description

Bibliographic Details
Main Authors: Herrera Reyes, Francisco Ernesto, Rizo Hernández, Kevin Francisco
Other Authors: Tutor: Hernández Solís, Alejandro
Format: Tesis Section = Libro
Language:Undetermined
Spanish
Published: Managua UNI 2023
Subjects:
LEADER 01182nam a2200241Ia 4500
008 240830s9999 xx 000 0 und d
040 |a BIBLIOTECA-RUSB/ Mon 621.3192 H565 
041 |a spa 
082 |a Mon 621.3192 H565 
100 1 |a Herrera Reyes, Francisco Ernesto 
100 1 |b  Rizo Hernández, Kevin Francisco 
245 1 0 |a Compensación automática de energía reactiva en el circuito de Matadero Nuevo CARNIC S.A. 
260 |a Managua   |b UNI  |c 2023 
300 |a 192 p. :il. 
500 |a Contiene: anexos y CD. 
502 |a Tesis (Ingeniero Eléctrico) - UNI, 2023. 
520 3 |a Los sistemas de compensación de potencia reactiva tienen la finalidad de aportar energía reactiva para que el conjunto de la instalación presente un factor de potencia deseado, en general la unidad o cercano a la unidad. Obteniendo con ello una bonificación en la factura de consumo eléctrico y así evitar penalizaciones en la factura eléctrica 
650 7 |a LINEAS Y CIRCUITOS (REDES) 
650 7 |b  DISTRIBUCION DE ENERGIA ELECTRICA – MATADERO NUEVO CARNIC S.A 
700 1 |a Tutor:  |b Hernández Solís, Alejandro 
942 |c BK  |2 ddc 
991 |a TESIS 
999 |c 27840